| 000 | 00427nam a22001577a 4500 | ||
|---|---|---|---|
| 020 | _a938781766-0 | ||
| 082 |
_a894.812.3 _bVER/B |
||
| 100 | _aVERNE, JULES | ||
| 245 | _aBOOGHARBATHILAKKORU YATHRA | ||
| 246 |
_aBOOGHARBATHILAKKORU YATHRA _bBOOGHARBATHILAKKORU YATHRA |
||
| 250 | _aFIRST EDITION | ||
| 260 |
_aKUNNAMKULAM _bRED ROSE PUBLISHING HOUSE _c2018 |
||
| 300 | _a144 | ||
| 650 |
_aSHAASTHRA NOVEL _zKERALA |
||
| 942 | _cBK | ||
| 999 |
_c7077 _d7077 |
||